00621nam a2200241Ia 4500008004100000020001500041050000800056050001400064100002000078245005100098245002300149260001300172260002000185260000900205300002000214300002000234300001000254500002300264650002800287650003400315700001100349999001900360170711s9999 xx 000 0 und d a1858216044 a940 bN558 1998 aNewsome, J.R.M. aWar experiences of a Koyli officer 1940-1946 / cby J.R.M. Newsome. aDurham : bPentland Press, c1998 aix, 129 pages : billustrations ; c21cm. aIncludes appendix. aWorld War, 1939-1945 -- xPersonal narratives, British. aTitle. c339823d339823